La Lucha por la paz en Centroamérica 1987 vista por la prensa y caricatura costarricense /
Los medios de comunicación colectiva a través de sus informaciones y línea editorial constituyen uno de los termómetros de la sociedad y buscan formar una opinión favorable a intereses particulares. Tanto el discurso periodístico escrito como la caricatura, marcan las tendencias actuales en torno al...
Salvato in:
| Autore principale: | |
|---|---|
| Natura: | testo |
| Soggetti: | |
| Tags: |
Aggiungi Tag
Nessun Tag, puoi essere il primo ad aggiungerne!!
|
MARC
| LEADER | 00000 a a2200000 04500 | ||
|---|---|---|---|
| 001 | 989 | ||
| 003 | |||
| 040 | |||
| 100 | |a Pérez Yglesias, María | ||
| 245 | |a La Lucha por la paz en Centroamérica 1987 vista por la prensa y caricatura costarricense / |c María Pérez Yglesias | ||
| 520 | |a Los medios de comunicación colectiva a través de sus informaciones y línea editorial constituyen uno de los termómetros de la sociedad y buscan formar una opinión favorable a intereses particulares. Tanto el discurso periodístico escrito como la caricatura, marcan las tendencias actuales en torno al conflicto centroamericano y la lucha por la paz. Un análisis cuidadoso de las matrices semánticas de cada una de las producciones impresas, durante el período enero 1987-febrero 1988, evidencia dos grupos de posiciones: las "norteamericanizadas" y las "latinoamericanistas". La caricatura como práctica de síntesis, donde se mezclan diferentes códigos, abre un espacio al humor, la reflexión y el diálogo, tanto con los artículos escritos en el medio donde se publica como en la realidad de donde parte y a donde se dirige. El proceso de búsqueda de paz en el itsmo, se ilustra y cuestiona con caricaturas de orientaciones ideológico-políticas diversas. AR/JM | ||
| 650 | |a MEDIOS DE COMUNICACION DE MASAS | ||
| 650 | |a PRENSA | ||
| 650 | |a DIBUJANTES | ||
| 650 | |a IDEOLOGIAS POLITICAS | ||
| 650 | |a PAZ | ||
| 650 | |a GUERRA | ||
| 650 | |a ANALISIS COMPARATIVO | ||
| 650 | |a INVESTIGACION SOBRE LA COMUNICACION | ||
| 650 | |a PUB.IIS | ||
| 773 | |g volumen 14, número 1 -2; páginas 143-169 | ||
| 999 | |c 34095 |d 34095 | ||
